No son profecías ni somos mayas: cuentos para adultos

Bewaard in:
Bibliografische gegevens
Hoofdauteurs: Astorga Barahona, María Isabel (Auteur), Bachmann Reidel, Ilse (Auteur), Barros Rothkegel, María Teresa (Auteur), Bustos Contreras, Jaime Humberto (Auteur), Celis Molina, Mario (Auteur), Clavel Fuller, María de la Luz (Auteur), Jordan Eckstein, Peter (Auteur), Letelier Leng, Carlos (Auteur), Medina Aedo, Alvaro (Auteur), Rojas Camus, Elba (Auteur)
Andere auteurs: López Urrutia, Valentina (autora), Neira Lermanda, Sylvia Gabriela (autora)
Formaat: Boek
Taal:Spaans
Gepubliceerd in: Valparaíso Universitaria 2012
Onderwerpen:
Tags: Voeg label toe
Geen labels, Wees de eerste die dit record labelt!

MARC

LEADER 00000cam a2200000 a 4500
001 UCF2514
003 CL-VaPUC
008 120824e20120000CL |||||||||||||||||spa|d
020 |a 9789561705111 
082 0 4 |a Ch863  |b AST  |2 21 
100 0 |a Astorga Barahona, María Isabel  |e author  |9 564191 
700 0 |a Bachmann Reidel, Ilse  |e author  |9 564192 
700 0 |a Barros Rothkegel, María Teresa  |e author  |9 564193 
700 0 |a Bustos Contreras, Jaime Humberto  |e author  |9 564194 
700 0 |a Celis Molina, Mario  |e author  |9 564195 
700 0 |a Clavel Fuller, María de la Luz  |e author  |9 564196 
700 0 |a Jordan Eckstein, Peter  |e author  |9 564197 
700 0 |a Letelier Leng, Carlos  |e author  |9 564198 
700 |a López Urrutia, Valentina  |e autora  |9 564199 
700 0 |a Medina Aedo, Alvaro  |e author  |9 564200 
700 |a Neira Lermanda, Sylvia Gabriela  |e autora  |9 584273 
700 0 |a Rojas Camus, Elba  |e author  |9 564202 
245 1 0 |a No son profecías ni somos mayas: cuentos para adultos 
300 |a 273 p 
942 |c BK 
945 |d 20120824 00:00:00  |a dcastane 
260 |a Valparaíso  |b Universitaria  |c 2012 
650 0 |a Cuentos chilenos   |9 308280 
650 0 |a Literatura chilena   |9 308278 
583 |a last modification  |c 20150924 22:06:34  |k Rodrigo Vera 
999 |c 349070  |d 349068 
952 |0 0  |1 0  |4 0  |6 CH_863_000000000000000_AST_2012  |7 0  |8 A  |9 451451  |a BIBEDU  |b BIBEDU  |d 2019-11-22  |i 4895762  |o Ch863 AST 2012  |p 4895762  |r 2019-11-22  |w 2019-11-22  |y BK  |k LIT 
952 |0 0  |1 0  |4 0  |6 CH_863_000000000000000_AST_2012  |7 0  |8 A  |9 451452  |a BIBEDU  |b BIBEDU  |d 2019-11-22  |i 4897900  |o Ch863 AST 2012  |p 4897900  |r 2019-11-22  |w 2019-11-22  |y BK  |k LIT 
952 |0 0  |1 0  |3 erb  |4 0  |6 CH_863_000000000000000_AST_2012  |7 0  |8 A  |9 451454  |a BIBEDU  |b BIBEDU  |i 5261511  |o Ch863 AST 2012  |p 5261511  |r 2019-11-22  |w 2019-11-22  |y BK  |z Catalogado en:20160114  |k LIT 
952 |0 0  |1 0  |3 erb  |4 0  |6 CH_863_000000000000000_AST_2012  |7 0  |8 A  |9 451455  |a BIBEDU  |b BIBEDU  |i 5261503  |o Ch863 AST 2012  |p 5261503  |r 2019-11-22  |w 2019-11-22  |y BK  |z Catalogado en:20160114  |k LIT 
952 |0 0  |1 0  |3 erb  |4 0  |6 CH_863_000000000000000_AST_2012  |7 0  |8 A  |9 451456  |a BIBEDU  |b BIBEDU  |i 526149K  |o Ch863 AST 2012  |p 526149K  |r 2019-11-22  |w 2019-11-22  |y BK  |z Catalogado en:20160114  |k LIT 
952 |0 0  |1 0  |3 erb  |4 0  |6 CH_863_000000000000000_AST_2012  |7 0  |8 A  |9 451457  |a BIBEDU  |b BIBEDU  |i 5261481  |o Ch863 AST 2012  |p 5261481  |r 2019-11-22  |w 2019-11-22  |y BK  |z Catalogado en:20160114  |k LIT 
952 |0 0  |1 0  |3 erb  |4 0  |6 CH_863_000000000000000_AST_2012  |7 0  |8 A  |9 451458  |a BIBEDU  |b BIBEDU  |i 5261473  |o Ch863 AST 2012  |p 5261473  |r 2019-11-22  |w 2019-11-22  |y BK  |z Catalogado en:20160114  |k LIT